000
00206 a2200097 4500
001
13954
100
_a
Hoinville F
245
_a
Halfway to heaven
260
_a
London
_b
Heinemann
_c
090
_c
10919
_d
10919
942
_a
NUST-CAE
_c
M
_c
1024
999
_c
249027
_d
249027